Cost accounting : (Record no. 2615)
[ view plain ]
| 000 -LEADER | |
|---|---|
| fixed length control field | 02664cam a2200361 a 4500 |
| 001 - CONTROL NUMBER | |
| control field | 15141408 |
| 003 - CONTROL NUMBER IDENTIFIER | |
| control field | 20160315093058.0 |
| 005 - DATE AND TIME OF LATEST TRANSACTION | |
| control field | 20240606080858.0 |
| 008 - FIXED-LENGTH DATA ELEMENTS--GENERAL INFORMATION | |
| fixed length control field | 080114s2009 njua b 001 0 eng |
| 020 ## - INTERNATIONAL STANDARD BOOK NUMBER | |
| International Standard Book Number | 9780136126638 (casebound) |
| 020 ## - INTERNATIONAL STANDARD BOOK NUMBER | |
| International Standard Book Number | 0136126634 (casebound) |
| 035 ## - SYSTEM CONTROL NUMBER | |
| System control number | (OCoLC)ocn190876955 |
| 035 ## - SYSTEM CONTROL NUMBER | |
| System control number | (OCoLC)190876955 |
| Canceled/invalid control number | (OCoLC)176915238 |
| 040 ## - CATALOGING SOURCE | |
| Original cataloging agency | DLC |
| Transcribing agency | DLC |
| Modifying agency | YDX |
| -- | BAKER |
| -- | BTCTA |
| -- | YDXCP |
| -- | DLC |
| 050 00 - LIBRARY OF CONGRESS CALL NUMBER | |
| Classification number | HF5686.C8 |
| Item number | H59 2012 |
| 082 00 - DEWEY DECIMAL CLASSIFICATION NUMBER | |
| Classification number | 658.15/11 |
| Edition information | 22 |
| 100 ## - MAIN ENTRY--PERSONAL NAME | |
| Personal name | Rao Thukaram |
| 245 00 - TITLE STATEMENT | |
| Title | Cost accounting : |
| 250 ## - EDITION STATEMENT | |
| Edition statement | 3rd ed. |
| 260 ## - PUBLICATION, DISTRIBUTION, ETC. | |
| Place of publication, distribution, etc. | New Delhi |
| Name of publisher, distributor, etc. | New Age International;, |
| Date of publication, distribution, etc. | c2012. |
| 300 ## - PHYSICAL DESCRIPTION | |
| Extent | xxvii, 870 p. : |
| Other physical details | ill. (chiefly col.) ; |
| Dimensions | 29 cm. |
| 440 #0 - SERIES STATEMENT/ADDED ENTRY--TITLE | |
| Title | Charles T. Horngren series in accounting |
| 500 ## - GENERAL NOTE | |
| General note | Rev. ed. of: Cost accounting : a managerial emphasis / Charles T. Horngren, Srikant M. Datar, George Foster. 12th ed. |
| 504 ## - BIBLIOGRAPHY, ETC. NOTE | |
| Bibliography, etc. note | Includes bibliographical references (p. 832-835) and indexes. |
| 505 0# - FORMATTED CONTENTS NOTE | |
| Formatted contents note | The accountant's role in the organization -- An introduction to cost terms and purposes -- Cost-volume-profit analysis -- Job costing -- Activity-based costing and activity-based management -- Master budget and responsibility accounting -- Flexible budgets, direct-cost variances, and management control -- Flexible budgets, overhead cost variances, and management control -- Inventory costing and capacity analysis -- Determining how costs behave -- Decision making and relevant information -- Pricing decisions and cost management -- Strategy, balanced scorecard, and strategic profitability analysis -- Cost allocation, customer-profitability analysis, and sales-variance analysis -- Allocation of support-department costs, common costs, and revenues -- Cost allocation : joint products and byproducts -- Process costing -- Spoilage, rework, and scrap -- Balanced scorecard : quality, time, and the theory of constraints -- Inventory management, just-in-time, and simplified costing methods -- Capital budgeting and cost analysis -- Management control systems, transfer pricing, and multinational -- Considerations -- Performance measurement, compensation, and multinational considerations -- Performance measurement, compensation, and multinational considerations. |
| 650 #0 - SUBJECT ADDED ENTRY--TOPICAL TERM | |
| Topical term or geographic name entry element | Cost accounting. |
| 700 1# - ADDED ENTRY--PERSONAL NAME | |
| Personal name | Horngren, Charles T., |
| Dates associated with a name | 1926- |
| 700 1# - ADDED ENTRY--PERSONAL NAME | |
| Personal name | Horngren, Charles T., |
| Dates associated with a name | 1926- |
| Title of a work | Cost accounting. |
| 856 41 - ELECTRONIC LOCATION AND ACCESS | |
| Materials specified | Table of contents only |
| Uniform Resource Identifier | <a href="http://www.loc.gov/catdir/toc/ecip088/2008001681.html">http://www.loc.gov/catdir/toc/ecip088/2008001681.html</a> |
| 906 ## - LOCAL DATA ELEMENT F, LDF (RLIN) | |
| a | 7 |
| b | cbc |
| c | orignew |
| d | 1 |
| e | ecip |
| f | 20 |
| g | y-gencatlg |
| 942 ## - ADDED ENTRY ELEMENTS (KOHA) | |
| Source of classification or shelving scheme | Library of Congress Classification |
| Koha item type | Books |
| Withdrawn status | Lost status | Source of classification or shelving scheme | Damaged status | Not for loan | Home library | Current library | Date acquired | Total checkouts | Total renewals | Full call number | Barcode | Date last seen | Date last checked out | Price effective from | Koha item type |
|---|---|---|---|---|---|---|---|---|---|---|---|---|---|---|---|
| Library of Congress Classification | Murang'a University of Technology Library | Murang'a University of Technology Library | 15/03/2016 | 10 | 1 | HF5686.C8 H59 2012 | 002759 | 24/05/2017 | 20/05/2017 | 15/03/2016 | Books |